00317nam a22000977a 4500082001700000245007300017260004700090526003700137526003700174650000800211 a954.912bOFF aOfficial History of Operations on the N. W Frontier of India 1920-35 aDelhi.bGovernment of India Press.cc1945. a0b0c0d954_912000000000000_OFF a0b0c0d954_912000000000000_OFF aMCE